College Quizbowl Stats
College Quizbowl Stats
Circuits
Seasons
Sets
Records
Detailed Stats
About
Loading...
2023 ACF Nationals
Tossups
Bonuses
Players
Teams
Categories (Tossup)
Categories (Bonus)
Pranav Sivaram
Ohio State A
Categories
Category
Powers
Gets
Negs
BBs
Points
Earliest Buzz
Avg. Buzz
First Buzzes
Top 3 Buzzes
BPA
PVF
Science - Chemistry
0
5
1
0
45
91
108.80
0
2
0.00
0.00
Science - Biology
0
2
1
1
15
106
110.50
0
0
0.00
0.00
Science - Other
0
1
0
1
10
132
132.00
0
0
0.00
0.00
Science - Physics
0
2
3
0
5
46
82.50
0
1
0.00
0.00
Buzzes
Category
Answer
Value
Buzz Position
Science - Physics
Bose–Einstein condensates
10
46
Science - Physics
symmetry breaking
-5
83
Science - Chemistry
NMR
10
91
Science - Chemistry
silanes
10
94
Science - Biology
beta-galactosidase
10
106
Science - Chemistry
manganese
10
107
Science - Biology
ammonia
10
115
Science - Chemistry
carboxylate
10
118
Science - Physics
electric field
10
119
Science - Biology
hyaluronic acid
-5
119
Previous
1
2
Next